Datum a čas kvízu
29
Celkem bodů
Celkový počet nahraných bodů na tomto kvízu bez doplňovacích otázek.
4.
Pořadí na kvízu
Konečné umístění týmu na tomto kvízu.
Zaznamenané odpovědi
| # | Otázka | Odpověď | Body | Výsledky |
|---|---|---|---|---|
| 1. | Andrej Babiš byl dle očekávání... | jeden | 1 | |
| 2. | Nepálské úřady minulý týden oz... | C) pytlíkem na výkaly | 1 | |
| 3. | Angličan Paul Gibbons tvrdí, ž... | tank | 1 | |
| 4. | Která automobilka získala s je... | Mercedes | 0 | |
| 5. | V pondělí došlo ve španělské f... | strčil hráči prst do zadku | 1 | |
| 6. | Vítězné téma facebookového hla... | 1C 2A 3B 4D | 0 | |
| 7. | Dne 4. ledna 1997 došlo ke sňa... | Havel, Veškrnová | 0 | |
| 8. | Devadesátkovou klasikou je fil... | Fuck Off Guys Good Day | 0 | |
| 9. | Kolik tlačítek má na své předn... | tři | 0 | |
| 10. | Ke které obci se v souvislosti... | Drnovice | 0 |